British Sports Stars By Surname - The Letter I (Photo Quiz) - Statistics

General Stats
  • This quiz has been taken 58 times
  • The average score is 3 of 8
Answer Stats
Picture Hint Answer % Correct
Born 1967 Football Paul Ince
86%
Born 1992 Football Danny Ings
56%
Born 1965 Motor Racing Eddie Irvine
46%
1932 - 2021 Cricket Ray Illingworth
42%
Born 1951 Rugby Union Andy Irvine
38%
Born 1978 Athletics Phillips Idowu
34%
Born 1971 Cricket Ronnie Irani
26%
1932 - 2017 Athletics Derek Ibbotson
18%
No matching quizzes found
Score Distribution
Percent of People with Each Score
Percentile by Number Answered
Your Score History
You have not taken this quiz